书目信息 |
| 题名: |
妨害文物管理罪
|
|
| 作者: | 谢望原 主编 | |
| 分册: | ||
| 出版信息: | 北京 中国人民公安大学出版社 1999.06 |
|
| 页数: | 310页 | |
| 开本: | 32开 | |
| 丛书名: | ||
| 单 册: | ||
| 中图分类: | D924.364 | |
| 科图分类: | ||
| 主题词: | 法律--中国 | |
| 电子资源: | ||
| ISBN: | 7-81059-332-3 | |
| 000 | 00566nam0 2200193 45 | |
| 001 | 0009301963 | |
| 005 | 20000930192715.4 | |
| 010 | @a7-81059-332-3@d19.00元 | |
| 100 | @a20000930d1999 km y0chiy0120 ea | |
| 101 | 0 | @achi |
| 105 | @a z 000yy | |
| 200 | 1 | @a妨害文物管理罪@AFang Hai Wen Wu Guan Li Zui@f谢望原主编@FXie Wang Yuan Zhu Bian |
| 210 | @a北京@c中国人民公安大学出版社@d1999.06 | |
| 215 | @a310页@d32开 | |
| 606 | 0 | @a法律@x中国 |
| 690 | @aD924.364@v3 | |
| 701 | 0 | @a谢望原@4主编 |
| 801 | @aCN@bPftUser@c20000930 | |
| 905 | @b164908-910@dD924.364@eX927@f3 | |
| 妨害文物管理罪/谢望原主编.-北京:中国人民公安大学出版社,1999.06 |
| 310页;32开 |
| ISBN 7-81059-332-3:19.00元 |
| ● |
| 相关链接 |
|
|
|
正题名:妨害文物管理罪
索取号:D924.364/X927
 
预约/预借
| 序号 | 登录号 | 条形码 | 馆藏地/架位号 | 状态 | 备注 |
| 1 | 164908 | 201649083 | 社科库509/509社科库 99排1列5层/ [索取号:D924.364/X927] | 在馆 | |
| 2 | 164909 | 201649092 | 社科库509/509社科库 99排1列5层/ [索取号:D924.364/X927] | 在馆 | |
| 3 | 164910 | 201649109 | 社科库509/509社科库 99排1列5层/ [索取号:D924.364/X927] | 在馆 |